Name in other languages: William - Statistics

General Stats
  • This quiz has been taken 26 times
  • The average score is 4 of 20
Answer Stats
Language Name translates as... % Correct
German Wilhelm
100%
Spanish Guillermo
64%
Dutch Willem
59%
French Guillaume
36%
Portuguese Guilherme
23%
Italian Guglielmo
18%
Irish Uilliam
18%
Danish Vilhelm
18%
Hungarian Vilmos
18%
Estonian Villem
14%
Catalan Guillem
9%
Czech Vilém
9%
Finnish Vilhelmi
9%
Icelandic Vilhjálmur
9%
Maori Wiremu
9%
Welsh Gwillym
5%
Scottish Uilleam
5%
Esperanto Vilĉjo
5%
Lithuanian Vilhelmas
5%
Slovene Viljem
5%
No matching quizzes found
Score Distribution
Percent of People with Each Score
Percentile by Number Answered
Your Score History
You have not taken this quiz